| 000 | nam a22 a 4500 | ||
|---|---|---|---|
| 999 |
_c1495 _d1495 |
||
| 005 | 20170509162345.0 | ||
| 008 | 170509s1972 caua 00100 eng d | ||
| 020 | _a0804708088 | ||
| 040 | _aAKMAL | ||
| 082 | _a305.4 WOL | ||
| 090 |
_a305.4 _bWOL |
||
| 100 | 1 |
_aWolf, Margery _92978 |
|
| 245 | 1 | 0 | _a Women and the family in rural Taiwan. |
| 260 | 0 |
_aStanford, Calif _b Stanford University Press, _c1972 |
|
| 300 |
_a x, 235 p. _b illus. _c23 cm |
||
| 650 | 0 |
_a Women _zTaiwan. _92979 |
|
| 650 | 0 |
_a Family _zTaiwan. _92980 |
|
| 852 | 2 | 4 |
_aBritish Library _b DSC |
| 942 |
_2ddc _cBOOK |
||